000 00260nam a2200109Ia 4500
008 220204s9999 xx 000 0 und d
082 _a036
_bMEH
100 _aMEHETRAS, V G
245 0 _aSocial ease work in India
260 _aAjmer
_bSachin
_c1979
942 _cBK
999 _c30822
_d30822